| 000 | 05526ngm a2200949Ii 4500 | ||
|---|---|---|---|
| 001 | 879215122 | ||
| 003 | OCoLC | ||
| 005 | 20251229123118.0 | ||
| 007 | vd cvaizq | ||
| 008 | 140414p20142013cau594 vleng d | ||
| 024 | 1 | _a024543930525 | |
| 024 | 1 | _a024543006398 | |
| 028 | 4 | 2 |
_a2293052 _b20th Century Fox Home Entertainment, |
| 035 | _a(OCoLC)879215122 | ||
| 040 |
_aDYJ _beng _erda _cDYJ _dTEF _dTEFMT _dOCLCQ _dTEF _dRB0 _dMR0 _dOCP _dOEL _dTEFMT _dIOG _dUVU _dGK8 _dINR _dZCU _dIBI _dOCLCO _dIUL _dOCLCO _dOCLCF _dCNMHP _dOMB _dWYU |
||
| 041 | 1 |
_aeng _aspa _heng |
|
| 046 |
_k2013 _l2014 |
||
| 082 | 1 | 4 |
_a791.45/75 _223 |
| 090 |
_aPN1992.77 _bA49 2014 |
||
| 092 | _advd | ||
| 130 | 0 |
_aAmerican horror story (Television program). _nSeason 3. _95746277 |
|
| 245 | 1 | 0 | _aAmerican horror story. Coven. The complete third season / |
| 246 | 3 |
_aAmerican horror story coven. _nSeason 3. |
|
| 246 | 3 |
_aAmerican horror story coven. _nSeason three. |
|
| 246 | 3 | 0 | _aCoven. |
| 257 | _aUnited States. | ||
| 264 | 1 |
_aBevery Hills, CA : _b20th Century Fox Home Entertainment, created by Ryan Murphy and Brad Falchuk ; written by Ryan Murphy, Brad Falchuk, Tim Minear, James Wong [and others]. _c[2014] |
|
| 300 |
_a4 videodiscs (594 min.) : _bsound, color ; _c4 3/4 in. |
||
| 336 | _atwo-dimensional moving image | ||
| 337 | _avideo | ||
| 338 | _avideodisc | ||
| 500 | _aTitle from container. | ||
| 500 | _aDVD release of episodes originally broadcast on television from October 9, 2013 to January 29, 2014. | ||
| 500 | _aSpecial features: Zombie Halloween: a look at the making of the episode "Fearful pranks ensue" ; Enter the coven: a look back at the entire season with interviews from the cast and crew ; Meet Ms. NOLA: shooting on location in New Orleans. | ||
| 505 | 0 | _aDisc 1. Bitchcraft / directed by Alfonso Gomez-Rejon -- Boy parts / directed by Michael Rymer -- The replacements / directed by Alfonso Gomez-Rejon. | |
| 505 | 0 | _aDisc 2. Fearful pranks ensue / directed by Michael Uppendahl -- Burn, witch burn / directed by Jeremy Podeswa -- The axeman cometh / directed by Michael Uppendahl. | |
| 505 | 0 | _aDisc 3. The dead / directed by Bradley Buecker -- The sacred taking / directed by Alfonso Gomez-Rejon -- Head / directed by Howard Deutch -- The magical delights of Stevie Nicks / directed by Alfonso Gomez-Rejon. | |
| 505 | 0 | _aDisc 4. Protect the coven / directed by Bradley Buecker -- Go to hell / directed by Alfonso Gomez-Rejon -- The seven wonders / directed by Alfonso Gomez-Rejon. | |
| 506 | _aEducational and home use only. | ||
| 508 | _aNo credits on container. | ||
| 511 | 1 | _aEvan Peters, Frances Conroy, Sarah Paulson, Denis O'Hare, Lily Rabe, Emma Roberts, Taissa Farmiga, Kathy Bates, Jessica Lange, Angela Bassett, Gabourey Sidibe ; guest stars: Stevie Nicks, Patti Lupone. | |
| 520 | _aThe exceptional young witches at Miss Robichaux's Academy are under assault by forces of ignorance and hate. Caught in the turmoil is new arrival, Zoe, who harbors a terrifying secret of her own. Fiona, a Supreme Witch with unimaginable powers, is determined to protect the Coven, but her obsessive quest for immortality will lead her to cross paths with a formidable voodoo queen and a murderous slave owner cursed with eternal life. | ||
| 521 | 8 | _aMPAA rating: MA Sex and Nudity Violence and Gore Drugs and Alcohol | |
| 538 | _aDVD ; widescreen (1.78:1) presentation ; Dolby digital 5.1 surround (English) and 2.0 stereo. surround (Spanish). | ||
| 546 | _aIn English or dubbed Spanish, with optional subtitles in English (SDH), French, Spanish or Portuguese. | ||
| 546 | _aClosed-captioned. | ||
| 650 | 0 |
_aWitches _vDrama. _95695777 |
|
| 650 | 0 |
_aVodou priests _vDrama. _95746278 |
|
| 650 | 0 |
_aCovens _zLouisiana _zNew Orleans _vDrama. _95746279 |
|
| 650 | 0 |
_aSlaveholders _vDrama. _95746280 |
|
| 650 | 0 |
_aHorror television programs. _985459 |
|
| 650 | 0 |
_aFantasy television programs. _983796 |
|
| 650 | 0 |
_aTelevision series. _992599 |
|
| 650 | 0 |
_aThrillers (Television programs) _95746281 |
|
| 650 | 0 |
_aFiction television programs. _95727689 |
|
| 650 | 0 |
_aVideo recordings for the hearing impaired. _9100348 |
|
| 651 | 0 |
_aNew Orleans (La.) _vDrama. _95746282 |
|
| 655 | 7 |
_aHorror television programs. _2lcgft. _985459 |
|
| 655 | 7 |
_aThrillers (Television programs). _2lcgft. _95698785 |
|
| 700 | 1 |
_aMurphy, Ryan, _d1965- _ecreator, _escreenwriter. _95746269 |
|
| 700 | 1 |
_aFalchuk, Brad, _ecreator, _escreenwriter. _95746270 |
|
| 700 | 1 |
_aGomez-Rejon, Alfonso, _edirector. _95903793 |
|
| 700 | 1 |
_aFalchuk, Brad, _edirector. _95746270 |
|
| 700 | 1 |
_aUppendahl, Michael, _edirector. _95746284 |
|
| 700 | 1 |
_aPodeswa, Jeremy, _edirector. _95903884 |
|
| 700 | 1 |
_aBuecker, Bradley, _edirector. _96458979 |
|
| 700 | 1 |
_aDeutch, Howard, _edirector. _940217 |
|
| 700 | 1 |
_aBates, Kathy, _d1948- _eactor. _937761 |
|
| 700 | 1 |
_aLange, Jessica, _eactor. _925687 |
|
| 700 | 1 |
_aBassett, Angela, _eactor. _961608 |
|
| 700 | 1 |
_aPeters, Evan, _d1987- _eactor. _95746267 |
|
| 700 | 1 |
_aConroy, Frances, _eactor. _946264 |
|
| 700 | 1 |
_aPaulson, Sarah, _d1974- _eactor. _95805269 |
|
| 700 | 1 |
_aO'Hare, Denis P., _eactor. _944348 |
|
| 700 | 1 |
_aRabe, Lily, _d1982- _eactor. _95746268 |
|
| 700 | 1 |
_aRoberts, Emma, _eactor. _96007030 |
|
| 700 | 1 |
_aFarmiga, Taissa, _d1994- _eactor. _95746266 |
|
| 700 | 1 |
_aSidibe, Gabourey, _eactor. _95805281 |
|
| 710 | 2 |
_aTwentieth Century Fox Home Entertainment, Inc. _4pro. _961951 |
|
| 907 | _a.b327073457 | ||
| 942 |
_2ddc _cR-VIDEO |
||
| 999 |
_c233339 _d233339 |
||